00441 2200169 4500245007600000020002200076250001100098100002700109700002300136650002100159650001800180005001900198260002300217041001400240084000800254336000900262 a147 Ilmuwan Terkemuka dalam Sejarah IslamcMuhammad Gharib GaudahhText a978-979-592-410-4 aCet. 1 aMuhammad Gharib Gaudah aMuhyiddin Mas Rida aBiografi Ilmuwan aSejarah Islam a20240903205108 bPustaka Al-Kautsar aIndonesia a925 atext